Sports Quiz

Random Sports or NFL Quiz
Score 0/11 Timer 03:00
0 Plays Today
Year Team % Correct
2008Detroit Lions
98.1%
1976Tampa Bay Buccaneers
71.4%
1982Baltimore Colts
18.9%
1960Dallas Cowboys
15%
1942Detroit Lions
13.1%
1944Card-Pitt
11.2%
1943Chicago Cardinals
8.7%
1934Cincinnati Reds
5.8%
1925Columbus Tigers
2.4%
1944Brooklyn Tigers
2.4%
1922Columbus Panhandlers
1.5%

You're not logged in!

Compare scores with friends on all Sporcle quizzes.
OR
Log In

Sporcle TV

Today on Sporcle TV


Watch our educational content, quiz creation guides, and fun videos on Sporcle TV.

Show Comments

Extras

Top Quizzes Today


Score Distribution

Paid Content

Your Account Isn't Verified!

In order to create a playlist on Sporcle, you need to verify the email address you used during registration. Go to your Sporcle Settings to finish the process.

Report this User

Report this user for behavior that violates our Community Guidelines.

Details: